Chemical reactor design for process plants /
Guardado en:
| Autor Principal: | |
|---|---|
| Formato: | Libro |
| Idioma: | English |
| Publicado: |
New York :
Wiley,
c1977-
|
| Materias: | |
| Etiquetas: |
Agregar Etiqueta
Sin Etiquetas, Sea el primero en etiquetar este registro!
|
| LEADER | 01055cam a22002775a 4500 | ||
|---|---|---|---|
| 001 | EIQ.libpla003306 | ||
| 008 | 770202m19009999nyua#####b####001#0#eng#d | ||
| 005 | 20071122183342.0 | ||
| 245 | 1 | 0 | |a Chemical reactor design for process plants / |c Howard F. Rase ; original il. by James R. Holmes. |
| 260 | |a New York : |b Wiley, |c c1977- | ||
| 300 | |a v. : |b il. ; |c 24 cm. | ||
| 500 | |a "A Wiley-Interscience publication." | ||
| 504 | |a Incluye referencias bibliográficas e índice. | ||
| 505 | 1 | |a v. 1. Principles and techniques -- v. 2. Case studies and design data. | |
| 020 | |a 0471018910 (v. 1) | ||
| 020 | |a 0471018902 (v. 2) | ||
| 100 | 1 | |a Rase, Howard F. | |
| 082 | 0 | 0 | |a 681/.766 |2 19 |
| 650 | 4 | |a Reactores químicos |x Diseño. | |
| 650 | 4 | |a Reactores químicos |x Construcción. | |
| 650 | 4 | |a Chemical reactors |x Construction. | |
| 650 | 4 | |a Chemical reactors |x Design. | |
| 010 | |a 77001285 | ||
| 040 | |a DLC |c DLC |d AR-BbSID | ||
| 859 | |a AR-BbSID |b BIB. PLAPIQUI |h 660.2 |i R 183 |p 931 |3 Vol. 1 | ||
| 859 | |a AR-BbSID |b BIB. PLAPIQUI |h 660.2 |i R 183 |p 932 |v Vol. 2 |3 Vol. 2 | ||
